| 000 | 01445nam0a2200337 4500 | ||
|---|---|---|---|
| 001 | RU\NLR\bibl\231321 | ||
| 005 | 20260406104959.0 | ||
| 021 |
_aRU _b2001-53600 _92598 |
||
| 035 | _a(NLR Aleph) 000227273 | ||
| 090 |
_a1322138 _c1322138 |
||
| 100 | _a20020204d2001 |||y0rusy50 ca | ||
| 101 | 0 | _arus | |
| 102 | _aRU | ||
| 105 | _aa ||||||||| | ||
| 200 | 1 |
_aЗдоровое общество _eИнформ. сб. _dPeople's health _f[Междунар. ассоц. по борьбе с наркоманией и наркобизнесом] |
|
| 210 |
_aКазань _cАдминистрация г. Казани _cОбществ. об-ние "Созидание" _d2001 |
||
| 215 |
_a54 с. _cил. _d30 |
||
| 510 | 0 | _aPeople's health | |
| 606 | 0 |
_aНаркологическая помощь детям _jСборники _92239518 _3RU\NLR\auth\661343885 |
|
| 606 | 0 |
_aНаркологическая помощь подросткам _jСборники _91734350 _3RU\NLR\auth\66775458 |
|
| 675 |
_a613.83 _v3 _zrus |
||
| 686 |
_a76.33 _2rugasnti |
||
| 686 |
_a51.1(2)5 _2rubbk |
||
| 686 | _aР11(2)442.861.8я46 | ||
| 712 | 0 | 2 |
_4570 _aМеждународная ассоциация по борьбе с наркоманией и наркобизнесом _3RU\NLR\AUTH\883818 _9278965 |
| 801 | 0 |
_aRU _bRKP _c20020204 _gPSBO |
|
| 801 | 1 |
_aRU _bRKP _c20020204 |
|
| 801 | 2 |
_aRU _bNLR _c20020416 _grcr |
|
| 942 | _cBOOK | ||
| 980 | _aNB | ||